000 00463cam a2200145 4500500
005 20260322004713.0
041 _afre
042 _adc
100 1 0 _aToranian, Valérie
_eauthor
245 0 0 _aLe sacré qui nous manque
260 _c2021.
500 _a21
786 0 _nRevue des deux Mondes | Juillet-Août | 5 | 2021-07-01 | p. 4-6 | 2266-4734
856 4 1 _uhttps://shs.cairn.info/revue-revue-des-deux-mondes-2021-5-page-4?lang=fr&redirect-ssocas=7080
999 _c1742315
_d1742315